000 00539nam a2200181Ia 4500
008 230917s9999||||xx |||||||||||||| ||und||
020 _cRS480
040 _e240232
_aMAIN
041 _aEnglish
082 _a346.03 P212L(3)
100 _aParanjape, N V
245 0 _aLaw of torts: Consumer protection law and compensation under motor vehicles act
250 _a3rd rep. ed.
260 _aAllahabad
_bCentral Law Agency
_c2016
300 _alxviii, 671 p.
500 _a2721 24/05/2017 HBD17/6988 14/06/2017 Main Budget
942 _cBK
999 _c22653
_d22653